| 000 | 00335nam a22001217a 4500 | ||
|---|---|---|---|
| 008 | 180604b xxu||||| |||| 00| 0 eng d | ||
| 041 | _aeng | ||
| 080 | _a043.3 | ||
| 100 | _a0 | ||
| 101 | _aSHKI-BA | ||
| 245 |
_aHistoriku i gjeneratave (1G, 2G, 3G, 4G), pershkrimi i teknikave dhe migrimi TDM ne ATM _cRizvanolli, G |
||
| 942 |
_2udc _cBK |
||
| 999 |
_c46262 _d46262 |
||